00422nam a22001697a 4500003000400000008004100004020001800045082001200063100002300075245004100098250000800139260003600147300000800183650001400191700002500205700002200230OSt220709b ||||| |||| 00| 0 eng d a9788123915852 a545 JEQ a JENKINS, Glenn L. aQuantitative Phamaceutical Chemistry a6th aNew DelhibCBS Publishersc2008 a518 aChemistry a KNEVEL, Adelbert M. aDIGANGI, Frank E.